5HLuxD.jpg

KING HENRY VIII SENIOR AND PRIMARY SCHOOL LIBRARY OPAC

The vanishing stair / (Record no. 1869)

000 -LEADER
fixed length control field 00937cam a2200313 a 4500
001 - CONTROL NUMBER
control field .b25258588
003 - CONTROL NUMBER IDENTIFIER
control field OSt
005 - DATE AND TIME OF LATEST TRANSACTION
control field 20230213111744.0
008 - FIXED-LENGTH DATA ELEMENTS--GENERAL INFORMATION
fixed length control field 220308s2019 nyua g 000 1 eng d
020 ## - INTERNATIONAL STANDARD BOOK NUMBER
International Standard Book Number 9780062338099
Qualifying information (pbk.) :
040 ## - CATALOGING SOURCE
Original cataloging agency FCU
Transcribing agency KH8
041 0# - LANGUAGE CODE
Language code of text/sound track or separate title eng
042 ## - AUTHENTICATION CODE
Authentication code nbic
044 ## - COUNTRY OF PUBLISHING/PRODUCING ENTITY CODE
MARC country code xxu
Local subentity code nyu
082 0# - DEWEY DECIMAL CLASSIFICATION NUMBER
Classification number FIC JOH
100 1# - MAIN ENTRY--PERSONAL NAME
Personal name Johnson, Maureen,
Dates associated with a name 1973-
245 14 - TITLE STATEMENT
Title The vanishing stair /
Statement of responsibility, etc. Maureen Johnson.
250 ## - EDITION STATEMENT
Edition statement 1st pbk. ed.
260 ## - PUBLICATION, DISTRIBUTION, ETC.
Place of publication, distribution, etc. New York, NY :
Name of publisher, distributor, etc. Katherine Tegen Books,
Date of publication, distribution, etc. c2019.
300 ## - PHYSICAL DESCRIPTION
Extent 373, 9 p. :
Other physical details ill. ;
Dimensions 21 cm.
440 #2 - SERIES STATEMENT/ADDED ENTRY--TITLE
Title A Truly Devious novel.
650 #0 - SUBJECT ADDED ENTRY--TOPICAL TERM
Topical term or geographic name entry element Boarding school students
Form subdivision Juvenile fiction.
650 #0 - SUBJECT ADDED ENTRY--TOPICAL TERM
Topical term or geographic name entry element Cold cases (Criminal investigation)
Form subdivision Juvenile fiction.
650 #0 - SUBJECT ADDED ENTRY--TOPICAL TERM
Topical term or geographic name entry element Murder
Form subdivision Juvenile fiction.
650 #0 - SUBJECT ADDED ENTRY--TOPICAL TERM
Topical term or geographic name entry element Boarding schools
Form subdivision Juvenile fiction.
650 #0 - SUBJECT ADDED ENTRY--TOPICAL TERM
Topical term or geographic name entry element Schools
Form subdivision Juvenile fiction.
651 #0 - SUBJECT ADDED ENTRY--GEOGRAPHIC NAME
Geographic name Vermont
Form subdivision Juvenile fiction.
942 ## - ADDED ENTRY ELEMENTS (KOHA)
Source of classification or shelving scheme
Koha item type Books - Fiction
Holdings
Withdrawn status Lost status Source of classification or shelving scheme Damaged status Not for loan Collection code Permanent Location Current Location Shelving location Date acquired Full call number Barcode Date last seen Price effective from Koha item type
          Fiction KH8 Senior School Library KH8 Senior School Library Fiction 2023-02-13 FIC JOH 3KHSL000101966 2024-07-17 2023-02-13 Books - Fiction

Powered By KH8 IT Dept